000 00625nam a2200229 a 4500
001 000012068
003 DO-SdBNP
005 20221101131120.0
007 ta
008 091104s2019 dr 000 p spa d
020 _a9789945580785
040 _aDO-SdBNP
_bspa
_cBNPHU
082 _222
_axxx
_bL951m
100 1 _aDotel Matos, Héctor
_91202
245 1 0 _aManual de derecho penal general /
_cMiguel Ängel Lugo de la Rosa
260 _aSanto Domingo :
_bUAPA,
_c2019
300 _a266 p. :
_bil. ;
_c27 cm.
490 _aSerie autoaprendizaje
590 _aInventariado, 2022 / DG
910 _aDG
942 _2ddc
_cLBS1
999 _c52661
_d52661